Manual de obligaciones /

Tallennettuna:
Bibliografiset tiedot
Päätekijä: Compagnucci de Caso, Rubén H. (autor)
Aineistotyyppi: Kirja
Kieli:espanja
Julkaistu: Buenos Aires, Argentina : Astrea, 1997, c1997
Aiheet:
Tagit: Lisää tagi
Ei tageja, Lisää ensimmäinen tagi!

MARC

LEADER 00000nam^a2200000^a^4500
001 000158964
005 20250521000000.0
009 20260310100631.079
020 |a 950-508-474-9 
037 |a Acervo ITESO - Biblioteca 
041 |a ESP 
082 |a 346. 8202  |b COM 
100 |a Compagnucci de Caso, Rubén H.  |e (autor) 
245 1 0 |a Manual de obligaciones /  |c R.H. Compagnucci de Caso. 
264 4 |a Buenos Aires, Argentina :  |b Astrea,  |c 1997, c1997 
300 |a LVI, 736 p. 
336 |a texto  |b txt  |2 rdacontenido 
337 |a sin mediación  |b n  |2 rdamedio 
338 |a volumen  |b nc  |2 rdasoporte 
649 |a XX 
650 |a Responsabilidad (Derecho) -  |z Argentina 
650 |a Derecho de Crédito o de las Obligaciones -  |z Argentina 
650 |a Derecho Civil -  |z Argentina 
650 |a Derecho Privado -  |z Argentina 
910 |a Fondo General 
920 |a Impresos - Libros 
930 |a Colección General 
905 |a 101 
901 |a 0500090893  |b IT1  |c ACC  |u 20250521 
902 |a https://opac.biblio.iteso.mx/vufind/Record/000158964